000 01521cam a22004454i 4500
003 PE-LiUPU
005 20250731173328.0
008 150625s2006 r 000 0 d
035 _a(Sirsi) a39297
040 _aPE-LiUPU
_bspa
_cPE-LiUPU
_erda
082 0 4 _a220
_bB5
_221
130 _aBiblia.
_d1960.
_lespañol.
_sReina-Valera.
245 1 0 _aBiblia letra grande.
264 1 _aNashville, TN :
_bGrupo Nelson,
_c2006.
300 _a1479 páginas ;
_c24 cm.
336 _atext
_2rdacontent
337 _aunmediated
_2rdamedia
338 _avolume
_2rdacarrier
500 _aIncluye resumen gráfico de la biblia.
504 _aIncluye concordancia.
505 0 _aAntiguo Testamento. -Nuevo Testamento.
526 _aSEG42
526 _aSEG41
526 _aSEG40
526 _aSEG39
526 _aP94
526 _aP87
526 _aP86
526 _aP85
526 _aP77
526 _aP76
526 _aP35
541 _g01961-7000;
630 _aBiblia.
_d1960.
_lespañol.
_sReina-Valera.
910 _agl
_bjv
_clch
_d20081128
942 _2ddc
_cBOOK
949 _a220 Lf20081027
_wDEWEY
_c1
_i58806
_lCCODEBUL1
_mBUL
_p27.00
_r0
_sY
_tBOOK
_u2015-06-25
_xTEOLOGIA
_zUNKNOWN
_0COMPRA
_o.STAFF. Colección General
596 _a1
999 _a220 B5
_wDEWEY
_c47663
_i58806
_d47663
_e2022-5-26
_f2021-11-9
_g5
_lCCODEBUL1
_mBUL
_n43
_p27.00
_q48
_r0
_sY
_tBOOK
_u2015-6-25
_xTEOLOGIA
_zUNKNOWN
_0COMPRA
_o.STAFF. Colección General
980 _81
_gALBERTO SANCHEZ Responsable de Automatización